[Event "Frodsham op"]
[Site "Frodsham"]
[Date "2018.02.03"]
[Round "2"]
[White "Jaques, Andrew"]
[Black "Bennett, Dominic"]
[Result "1/2-1/2"]
[WhiteElo "1840"]
[BlackElo "1987"]
[PlyCount "76"]
[EventDate "2018.02.02"]
[EventType "swiss"]
[EventRounds "5"]
[EventCountry "ENG"]
[SourceTitle "CBM 182 Extra"]
[Source "ChessBase"]
[SourceDate "2018.02.23"]
[SourceVersion "1"]
[SourceVersionDate "2018.02.23"]
[SourceQuality "1"]

1. e4 c6 2. Nc3 g6 3. f4 d5 4. e5 c5 5. Nf3 Bg4 6. h3 Bxf3 7. Qxf3 e6 8. Bb5+ Nc6 9. Bxc6+ bxc6 10. b3 Ne7 11. g4 Qa5 12. Na4 c4 13. Ba3 Nc8 14. Bxf8 Rxf8 15. Qc3 Qxc3 16. Nxc3 Nb6 17. bxc4 Nxc4 18. d3 Na3 19. Kd2 Rb8 20. Nb1 Nb5 21. Nc3 f6 22. Rab1 Rb6 23. Na4 Ra6 24. Nc5 Rxa2 25. Nxe6 Rf7 26. exf6 Rxf6 27. f5 gxf5 28. gxf5 Kd7 29. Rhf1 Kd6 30. Rbe1 Na3 31. Nd4 c5 32. Re6+ Rxe6 33. Nxe6 Nxc2 34. Ng7 d4 35. Rf3 Ne3+ 36. Ke1 Ra1+ 37. Ke2 Ra2+ 38. Ke1 Ra1+ 1/2-1/2

[Event "BCF-chT3N 1718 (4NCL)"]
[Site "England"]
[Date "2018.01.14"]
[Round "4.86"]
[White "Braham, Peter"]
[Black "Jaques, Andrew"]
[Result "1/2-1/2"]
[WhiteElo "1737"]
[BlackElo "1853"]
[PlyCount "185"]
[EventDate "2017.11.11"]
[EventType "team-swiss"]
[EventRounds "11"]
[EventCountry "ENG"]
[SourceTitle "EXT 2020"]
[Source "ChessBase"]
[SourceDate "2019.10.17"]
[SourceVersion "1"]
[SourceVersionDate "2019.10.17"]
[SourceQuality "1"]
[WhiteTeam "Bradford DCA Knights III"]
[BlackTeam "Manchester Manticores II"]
[WhiteTeamCountry "ENG"]
[BlackTeamCountry "ENG"]

1. e4 c6 2. d4 d5 3. Nc3 dxe4 4. Nxe4 Bf5 5. Ng3 Bg6 6. N1e2 Nf6 7. Nf4 e5 8. Nxg6 hxg6 9. dxe5 Qa5+ 10. Bd2 Qxe5+ 11. Qe2 Nbd7 12. 0-0-0 Qxe2 13. Bxe2 Bc5 14. f3 0-0 15. Bc3 Nd5 16. Bd4 Ne3 17. Ne4 Bb6 18. Bxe3 Bxe3+ 19. Kb1 Nb6 20. Nd6 Rab8 21. g3 Bc5 22. Ne4 Be7 23. c3 Rfe8 24. Bd3 f5 25. Nd2 Kf7 26. Nc4 Kf6 27. Nxb6 axb6 28. f4 b5 29. a3 Bc5 30. Rhe1 Rxe1 31. Rxe1 Rh8 32. Re2 Rh3 33. c4 Bg1 34. cxb5 cxb5 35. Bxb5 Rxh2 36. Re8 Kf7 37. Rd8 b6 38. Rd7+ Ke6 39. Rxg7 Bd4 40. Bc4+ Kd6 41. Rxg6+ Kc5 42. b3 b5 43. Bd3 Bc3 44. Bxf5 Rb2+ 45. Kc1 Rxb3 46. Bd7 Rxa3 47. Rg5+ Kc4 48. Bxb5+ Kb3 49. Kd1 Ra2 50. Rd5 Kb4 51. Bd7 Rf2 52. f5 Rg2 53. Rd3 Bf6 54. Re3 Bg5 55. Re4+ Kc3 56. Rg4 Be3 57. Bc6 Rf2 58. Be4 Kd4 59. Bb1+ Kc3 60. Be4 Bc5 61. Ke1 Rb2 62. Rf4 Kd4 63. Bc6+ Ke5 64. f6 Bf8 65. Bd7 Rg2 66. Rf3 Kd6 67. Bb5 Ke5 68. f7 Ke6 69. Bc4+ Ke7 70. Kf1 Rd2 71. Bb3 Rb2 72. g4 Bg7 73. g5 Bf8 74. Re3+ Kd6 75. Bc4 Rb4 76. Bb3 Rb5 77. Rg3 Ke7 78. Kg2 Bg7 79. Kh3 Rb4 80. Re3+ Kd6 81. Be6 Rf4 82. g6 Rf6 83. Ba2 Rxg6 84. Re8 Rf6 85. Kh4 Bh6 86. Kh5 Kd7 87. Rh8 Bg7 88. Rh7 Bf8 89. Kg5 Ke7 90. Rh1 Rf2 91. Re1+ Kd6 92. Kg6 Rxa2 93. Re8 1/2-1/2

[Event "BCF-chT3N 1617 (4NCL)"]
[Site "England"]
[Date "2017.03.19"]
[Round "8.85"]
[White "Taylor, Mark"]
[Black "Jaques, Andrew"]
[Result "1/2-1/2"]
[WhiteElo "1847"]
[BlackElo "1952"]
[PlyCount "57"]
[EventDate "2016.11.26"]
[EventType "team-swiss"]
[EventRounds "11"]
[EventCountry "ENG"]
[SourceTitle "EXT 2019"]
[Source "ChessBase"]
[SourceDate "2018.10.10"]
[SourceVersion "1"]
[SourceVersionDate "2018.10.10"]
[SourceQuality "1"]
[WhiteTeam "Manchester Manticores IV"]
[BlackTeam "Manchester Manticores III"]
[WhiteTeamCountry "ENG"]
[BlackTeamCountry "ENG"]

1. e4 c6 2. d4 d5 3. exd5 cxd5 4. Bd3 Nc6 5. c3 Qc7 6. Ne2 Bg4 7. f3 Bd7 8. b4 a6 9. b5 axb5 10. Bxb5 e6 11. Bf4 Bd6 12. Bxd6 Qxd6 13. 0-0 Nf6 14. a4 0-0 15. Na3 Na5 16. Qd3 Rfc8 17. Rfb1 Bc6 18. Rb4 Nd7 19. Qb1 Qe7 20. Bd3 g6 21. Qc1 Kg7 22. Nc2 h5 23. Qe3 h4 24. Nf4 Nf6 25. Qe5 Kh6 26. Ne3 Nd7 27. Ng4+ Kh7 28. Qh5+ Kg8 29. Bxg6 1/2-1/2

[Event "BCF-chT3N 1617 (4NCL)"]
[Site "England"]
[Date "2017.01.15"]
[Round "4.34"]
[White "Davison, Colin FS"]
[Black "Jaques, Andrew"]
[Result "1-0"]
[WhiteElo "1932"]
[BlackElo "1952"]
[PlyCount "57"]
[EventDate "2016.11.26"]
[EventType "team-swiss"]
[EventRounds "11"]
[EventCountry "ENG"]
[SourceTitle "EXT 2019"]
[Source "ChessBase"]
[SourceDate "2018.10.10"]
[SourceVersion "1"]
[SourceVersionDate "2018.10.10"]
[SourceQuality "1"]
[WhiteTeam "Cheddleton II"]
[BlackTeam "Manchester Manticores III"]
[WhiteTeamCountry "ENG"]
[BlackTeamCountry "ENG"]

1. c4 Nf6 2. g3 g6 3. Bg2 Bg7 4. Nf3 0-0 5. 0-0 d6 6. Nc3 Nbd7 7. d3 a6 8. Qc2 e5 9. Rb1 c6 10. e4 Re8 11. h3 b5 12. b4 Bb7 13. Nd2 Nf8 14. Nb3 Rc8 15. c5 Ne6 16. Be3 d5 17. Ne2 d4 18. Bd2 Rc7 19. Rbe1 Bc8 20. Qc1 Nd7 21. Kh2 Rf8 22. Na5 Nb8 23. f4 f5 24. exf5 gxf5 25. fxe5 Bxe5 26. Nf4 Bxf4 27. Bxf4 Nxf4 28. Qxf4 Bb7 29. Re5 1-0

[Event "BCF-chT3Nb 1516 (4NCL)"]
[Site "England"]
[Date "2016.02.14"]
[Round "6.129"]
[White "Jaques, Andrew"]
[Black "Grzybowski, Karol"]
[Result "1-0"]
[WhiteElo "1975"]
[BlackElo "1742"]
[PlyCount "71"]
[EventDate "2015.11.14"]
[EventType "team-swiss"]
[EventRounds "7"]
[EventCountry "ENG"]
[SourceTitle "EXT 2017"]
[Source "ChessBase"]
[SourceDate "2016.10.25"]
[SourceVersion "1"]
[SourceVersionDate "2016.10.25"]
[SourceQuality "1"]
[WhiteTeam "Manchester Manticores II"]
[BlackTeam "Cheddleton III"]
[WhiteTeamCountry "ENG"]
[BlackTeamCountry "ENG"]

1. e4 c5 2. Nc3 e6 3. f4 a6 4. g3 Nc6 5. Bg2 g6 6. d3 Bg7 7. Bd2 Nge7 8. Nf3 b6 9. 0-0 Bb7 10. Rb1 d6 11. a3 0-0 12. Qe1 Qc7 13. Ne2 Rac8 14. c3 a5 15. g4 f5 16. Qh4 h6 17. Ng3 Nd8 18. gxf5 exf5 19. Bh3 Rb8 20. Kf2 c4 21. exf5 gxf5 22. d4 Bd5 23. Nh5 Ne6 24. Nxg7 Kxg7 25. Rg1+ Ng6 26. Qh5 Rf6 27. Bxf5 Qf7 28. Rxg6+ Rxg6 29. Bxg6 Qf6 30. Qxd5 Kxg6 31. Rg1+ Kh7 32. Qxd6 Rd8 33. Qe5 Qf7 34. f5 Ng7 35. Bxh6 Kxh6 36. Qf4+ 1-0

[Event "BCF-chT3Nb 1516 (4NCL)"]
[Site "England"]
[Date "2016.02.13"]
[Round "5.109"]
[White "Bimpson, Tom"]
[Black "Jaques, Andrew"]
[Result "1-0"]
[WhiteElo "2048"]
[BlackElo "1975"]
[PlyCount "98"]
[EventDate "2015.11.14"]
[EventType "team-swiss"]
[EventRounds "7"]
[EventCountry "ENG"]
[SourceTitle "EXT 2017"]
[Source "ChessBase"]
[SourceDate "2016.10.25"]
[SourceVersion "1"]
[SourceVersionDate "2016.10.25"]
[SourceQuality "1"]
[WhiteTeam "Spirit of Atticus II"]
[BlackTeam "Manchester Manticores II"]
[WhiteTeamCountry "ENG"]
[BlackTeamCountry "ENG"]

1. d4 Nf6 2. Bg5 c6 3. Bxf6 gxf6 4. e3 d5 5. Bd3 e5 6. c4 dxc4 7. Bxc4 Qe7 8. Nc3 Be6 9. Bxe6 Qxe6 10. Nge2 Na6 11. d5 cxd5 12. Qxd5 Qxd5 13. Nxd5 Bb4+ 14. Nxb4 Nxb4 15. 0-0 Ke7 16. Nc3 Rhd8 17. e4 Rd2 18. a3 Na6 19. Nd5+ Ke6 20. b4 f5 21. f3 Rc8 22. Rac1 Rxc1 23. Rxc1 fxe4 24. fxe4 f5 25. Nc3 Nc7 26. exf5+ Kxf5 27. Rf1+ Ke6 28. Ne4 Ra2 29. Rf6+ Ke7 30. Rh6 Rxa3 31. Rxh7+ Kd8 32. Nd6 Nd5 33. Nf7+ Ke7 34. Nxe5+ Ke6 35. Nf3 Nxb4 36. Rxb7 Nd3 37. h4 a5 38. h5 Ra1+ 39. Kh2 Nf2 40. Kg3 Ne4+ 41. Kf4 Nd6 42. Ra7 a4 43. h6 Nf7 44. h7 Rh1 45. Ng5+ Nxg5 46. Kxg5 a3 47. g4 a2 48. Kg6 Rh4 49. g5 Rh3 1-0

[Event "Bolton 4NCL op-A 4th"]
[Site "Bolton"]
[Date "2015.09.13"]
[Round "4.12"]
[White "Jaques, Andrew"]
[Black "Okhai, Shabir"]
[Result "0-1"]
[WhiteElo "1874"]
[BlackElo "1968"]
[PlyCount "30"]
[EventDate "2015.09.11"]
[EventType "swiss"]
[EventRounds "5"]
[EventCountry "ENG"]
[SourceTitle "EXT 2023"]
[Source "ChessBase"]
[SourceDate "2022.10.05"]
[SourceVersion "1"]
[SourceVersionDate "2022.10.05"]
[SourceQuality "1"]

1. e4 e5 2. Bc4 Bc5 3. Nf3 Nc6 4. 0-0 d6 5. h3 Be6 6. d3 Nf6 7. Nc3 a6 8. Bxe6 fxe6 9. Bg5 0-0 10. Qd2 Qe8 11. Rae1 Nh5 12. Be3 Ba7 13. Bxa7 Rxa7 14. d4 Rxf3 15. gxf3 Nf4 0-1

[Event "Torquay op"]
[Site "Torquay"]
[Date "2006.11.25"]
[Round "2"]
[White "Jaques, Andrew"]
[Black "Helbig, Paul"]
[Result "0-1"]
[WhiteElo "1872"]
[BlackElo "2040"]
[PlyCount "80"]
[EventDate "2006.11.24"]
[EventType "swiss"]
[EventRounds "5"]
[EventCountry "ENG"]
[SourceTitle "EXT 2008"]
[Source "ChessBase"]
[SourceDate "2007.11.25"]
[SourceVersion "1"]
[SourceVersionDate "2007.11.25"]
[SourceQuality "1"]

1. e4 g6 2. d4 Bg7 3. f4 c6 4. Nf3 d5 5. e5 Bg4 6. h3 Bxf3 7. Qxf3 e6 8. Bd3 h5 9. 0-0 h4 10. Nc3 Nh6 11. g4 hxg3 12. Qxg3 Bf8 13. Kh2 Nf5 14. Bxf5 gxf5 15. Qg5 c5 16. Qxd8+ Kxd8 17. Be3 cxd4 18. Bxd4 Nc6 19. Ne2 Nxd4 20. Nxd4 Kd7 21. Rad1 Rc8 22. b3 Rc3 23. Rf3 Rxf3 24. Nxf3 Bh6 25. Rd4 Ke7 26. c4 Rd8 27. cxd5 Rxd5 28. Kg3 Rc5 29. Ra4 a6 30. Rb4 b5 31. a4 bxa4 32. bxa4 a5 33. Rd4 Bg7 34. h4 f6 35. h5 fxe5 36. fxe5 Bxe5+ 37. Nxe5 Rxe5 38. Kf4 Re1 39. Kg5 Rg1+ 40. Kf4 Rg4+ 0-1

[Event "West of England op"]
[Site "Exmouth"]
[Date "2006.04.15"]
[Round "3"]
[White "Brusey, Alan W"]
[Black "Jaques, Andrew"]
[Result "1/2-1/2"]
[WhiteElo "2096"]
[BlackElo "1872"]
[PlyCount "77"]
[EventDate "2006.04.14"]
[EventType "swiss"]
[EventRounds "7"]
[EventCountry "ENG"]
[SourceTitle "EXT 2007"]
[Source "ChessBase"]
[SourceDate "2006.11.23"]
[SourceVersion "1"]
[SourceVersionDate "2006.11.23"]
[SourceQuality "1"]

1. e4 c6 2. d4 d5 3. f3 g6 4. Nc3 Bg7 5. Be3 Nf6 6. e5 Ng8 7. Qd2 e6 8. h4 Qb6 9. Na4 Qc7 10. h5 Nd7 11. f4 Nh6 12. Nf3 Ng4 13. Bd3 Nxe3 14. Qxe3 Qa5+ 15. Nc3 Nb6 16. hxg6 hxg6 17. Rxh8+ Bxh8 18. Nd2 Qb4 19. 0-0-0 Bd7 20. Rh1 0-0-0 21. a3 Qf8 22. Rh7 Qg8 23. Qh3 f6 24. Nf3 g5 25. fxg5 fxe5 26. dxe5 Bxe5 27. Nxe5 Qxg5+ 28. Kb1 Qxe5 29. g4 Qe1+ 30. Ka2 e5 31. Bf5 Qg1 32. Rh8 Rxh8 33. Qxh8+ Kc7 34. Qxe5+ Kd8 35. Qb8+ Ke7 36. Qxa7 Bxf5 37. gxf5 Qc5 38. Qxb7+ Kf6 39. Qh7 1/2-1/2